Indonesian Management and Accounting Research

Enregistré dans:
Détails bibliographiques
Format: Publication en série
Langue:anglais
Publié: Jakarta Barat Lembaga Penerbit Fakultas Ekonomi dan Bisnis, Universitas Trisakti
Tags: Ajouter un tag
Pas de tags, Soyez le premier à ajouter un tag!

MARC

LEADER 00000nas1a2200000 4500
001 0266912
005 20230322084209.7
022 |a 2442-9724 
022 |a 1411-8858 
041 0 |a eng 
044 |a ID 
245 1 0 |a Indonesian Management and Accounting Research 
264 1 |a Jakarta Barat  |b Lembaga Penerbit Fakultas Ekonomi dan Bisnis, Universitas Trisakti